000 00595nam a2200229Ia 4500
003 OSt
005 20220924141744.0
006 a|||||r|||| 00| 0
007 ta
008 220923b |||||||| |||| 00| 0 ben d
024 _a299221
037 _cTextual
040 _aARTS
_cARTS
_bben
041 _2ben
_aben
082 _aP157:75, M1
100 _aSen Prabodh Chandra
245 0 _aBangla chhandashilpa o chhandachinter agragati
260 _c1981
650 _aBENGALI LITERATURE
942 _hP157:75, M1
_cTEXL
_2CC
999 _c448163
_d448163